000 00272nam a2200121Ia 4500
008 191201s2011 xx 000 0 und d
100 _aNSE
245 0 _aTransforming Indian Capital Markets
260 _aMumbai
_bNSE
_c2011
300 _a721
650 _aMBA
942 _2ddc
_cBK
999 _c19
_d19